|
|
|
|
| LEADER |
05090nam a2200853 4500 |
| 001 |
ocn784136998 |
| 003 |
OCoLC |
| 005 |
20170124071051.6 |
| 006 |
m o d |
| 007 |
cr cn||||||||| |
| 008 |
120406s2012 njua ob 001 0 eng d |
| 010 |
|
|
|a 2011046737
|
| 040 |
|
|
|a DG1
|b eng
|e pn
|c DG1
|d N$T
|d EBLCP
|d E7B
|d YDXCP
|d MYG
|d CDX
|d UMI
|d COO
|d OCLCQ
|d DEBSZ
|d OCLCQ
|d OCLCA
|d OCLCQ
|d OCLCO
|d OCLCQ
|d RECBK
|d OCLCF
|d OCLCO
|d IDEBK
|d SFB
|d OCLCO
|d DEBBG
|d OCLCQ
|d OCLCO
|d OCL
|d OCLCO
|d OCLCQ
|d OCLCO
|d AZK
|d OCLCO
|d DG1
|d GrThAP
|
| 019 |
|
|
|a 780445077
|a 787848321
|a 794619871
|a 806221026
|a 817082080
|a 864907089
|a 961496795
|a 962650034
|
| 020 |
|
|
|a 9781118199770
|q (electronic bk.)
|
| 020 |
|
|
|a 1118199774
|q (electronic bk.)
|
| 020 |
|
|
|a 9781118199787
|q (electronic bk.)
|
| 020 |
|
|
|a 1118199782
|q (electronic bk.)
|
| 020 |
|
|
|a 9781118199800
|q (electronic bk.)
|
| 020 |
|
|
|a 1118199804
|q (electronic bk.)
|
| 020 |
|
|
|a 128058968X
|
| 020 |
|
|
|a 9781280589683
|
| 020 |
|
|
|z 9780470562949
|
| 020 |
|
|
|z 0470562943
|
| 024 |
8 |
|
|a 9786613619518
|
| 028 |
0 |
1 |
|a EB00062977
|b Recorded Books
|
| 029 |
1 |
|
|a AU@
|b 000049117533
|
| 029 |
1 |
|
|a AU@
|b 000050012921
|
| 029 |
1 |
|
|a AU@
|b 000058044059
|
| 029 |
1 |
|
|a DEBBG
|b BV040900900
|
| 029 |
1 |
|
|a DEBBG
|b BV041828919
|
| 029 |
1 |
|
|a DEBBG
|b BV041912257
|
| 029 |
1 |
|
|a DEBSZ
|b 372701353
|
| 029 |
1 |
|
|a DEBSZ
|b 378279785
|
| 029 |
1 |
|
|a DEBSZ
|b 381369307
|
| 029 |
1 |
|
|a DEBSZ
|b 431069115
|
| 029 |
1 |
|
|a DKDLA
|b 820120-katalog:000600791
|
| 029 |
1 |
|
|a NZ1
|b 14976304
|
| 035 |
|
|
|a (OCoLC)784136998
|z (OCoLC)780445077
|z (OCoLC)787848321
|z (OCoLC)794619871
|z (OCoLC)806221026
|z (OCoLC)817082080
|z (OCoLC)864907089
|z (OCoLC)961496795
|z (OCoLC)962650034
|
| 037 |
|
|
|a 10.1002/9781118199770
|b Wiley InterScience
|n http://www3.interscience.wiley.com
|
| 050 |
|
4 |
|a QC611.6.S9
|b F86 2012eb
|
| 072 |
|
7 |
|a SCI
|x 013050
|2 bisacsh
|
| 082 |
0 |
4 |
|a 541/.377
|2 23
|
| 084 |
|
|
|a TEC021000
|2 bisacsh
|
| 049 |
|
|
|a MAIN
|
| 245 |
0 |
0 |
|a Functionalization of semiconductor surfaces /
|c edited by Feng Tao, Steven Bernasek.
|
| 264 |
|
1 |
|a Hoboken, N.J. :
|b Wiley,
|c 2012.
|
| 300 |
|
|
|a 1 online resource (xx, 434 pages) :
|b illustrations
|
| 336 |
|
|
|a text
|b txt
|2 rdacontent
|
| 337 |
|
|
|a computer
|b c
|2 rdamedia
|
| 338 |
|
|
|a online resource
|b cr
|2 rdacarrier
|
| 347 |
|
|
|a data file
|2 rda
|
| 380 |
|
|
|a Bibliography
|
| 505 |
0 |
|
|a Introduction / Franklin (Feng) Tao, Yuan Zhu, and Steven L. Bernasek -- Surface analytical techniques / Ying Wei Cai and Steven L. Bernasek -- Structures of semiconductor surfaces and origins of surface reactivity with organic molecules / Yongquan Qu and Keli Han -- Pericyclic reactions of organic molecules at semiconductor surfaces -- Keith T. Wong and Stacey F. Bent -- Chemical binding of five-membered and six-membered aromatic molecules / Franklin F. Tao and Steven L. Bernasek -- Influence of functional groups in substituted aromatic molecules on the selection of reaction channel in semiconductor surface functionalization / Andrew V. Teplyakov -- Covalent binding of polycyclic aromatic hydrocarbon systems / Dr. Yong Kian Soon and Professor Xu Guo-Qin -- / Young Hwan Min, Hangil lee, Do Hwan Kim, and Sehun Kim -- Ab initio molecular dynamics studies of conjugated dienes on semiconductor surfaces / Mark E. Tuckerman and Yanli Zhang -- Formation of organic nanostructures on semiconductor surfaces / Zakir Hossain and Maki Kawai -- Formation of organic monolayers through wet chemistry / Damien Aureau and Yves J. Chabal -- Chemical stability of organic monolayers formed in solution / Leslie E. O'Leary, Erik Johansson, and Nathan S. Lewis -- Immobilization of biomolecules at semiconductor interfaces / Robert J. Hamers -- Perspective and challenge / Franklin (Feng) Tao and Steven L. Bernasek.
|
| 520 |
|
|
|a "This book presents both fundamental knowledge and latest achievements of this rapidly growing field in the last decade. It presents a complete and concise picture of the state-of-the-art in the field, encompassing the most active international research groups in the world."--
|c Provided by publisher.
|
| 588 |
0 |
|
|a Print version record.
|
| 504 |
|
|
|a Includes bibliographical references and index.
|
| 650 |
|
0 |
|a Semiconductors
|x Surfaces.
|
| 650 |
|
0 |
|a Semiconductors
|x Materials.
|
| 650 |
|
4 |
|a Semiconductors
|x Surfaces.
|
| 650 |
|
4 |
|a Semiconductors
|x Materials.
|
| 650 |
|
7 |
|a TECHNOLOGY & ENGINEERING
|x Material Science.
|2 bisacsh
|
| 650 |
|
7 |
|a SCIENCE
|x Chemistry
|x Physical & Theoretical.
|2 bisacsh
|
| 650 |
|
7 |
|a Semiconductors
|x Materials.
|2 fast
|0 (OCoLC)fst01112237
|
| 650 |
|
7 |
|a Semiconductors
|x Surfaces.
|2 fast
|0 (OCoLC)fst01112259
|
| 650 |
|
7 |
|a Semiconductors / Surfaces.
|2 local
|
| 650 |
|
7 |
|a Semiconductors / Materials.
|2 local
|
| 655 |
|
4 |
|a Electronic books.
|
| 700 |
1 |
|
|a Tao, Feng,
|d 1971-
|
| 700 |
1 |
|
|a Bernasek, S. L.
|q (Steven L.)
|
| 710 |
2 |
|
|a Wiley InterScience (Online service)
|
| 776 |
0 |
8 |
|i Print version:
|t Functionalization of semiconductor surfaces.
|d Hoboken, NJ : Wiley, 2012
|z 9781118199787
|w (OCoLC)780445077
|
| 856 |
4 |
0 |
|u https://doi.org/10.1002/9781118199770
|z Full Text via HEAL-Link
|
| 994 |
|
|
|a 92
|b DG1
|